000 00292nam a2200121Ia 4500
008 190216s9999||||xx |||||||||||||| ||und||
100 _aVaikom Chandrasekharan Nair
245 0 _aGothra Daham
260 _bD C Books Kerala
_c1983
300 _a235p
650 _aMalayalam Novel
942 _cBK
999 _c26081
_d26081